1119 1991 1183 1400 1559 1590 1837 1170 1461 1677 1407 1770 1424 1207 1842 1982 1719 1039 1798 1421 1371 1364 1484 2000 1474 1349 1873 1184 1214 1067 1578 1017 1021 1198 1496 1175 1630 1076 1073 1059 1753 1429 1526 1922 1004 1797 1037 1879 1871 1878 1695 1235 1592 1439 1387 1213 1906 1765 1255 1172 1674 1843 1784 1770 1797 1021 1699 1818 1569 1958 1755 1095 1814 1092 1545 1329 1234 1930 1893 1673 1345 1182 1952 1336 1255 1476 1465 1670 1430 1347 1026 1194 1848 1279 1823 1430 1647 1213 1611 BCNSPRNW ULIB Ver.6.0+V

เปลี่ยนเป็นภาษาไทย

Change to English
 แสดงรายละเอียดบรรณานุกรม
  กลับหน้าหลัก

Brief Record : Get Marc (ISO 2709) : E-mail record : QR code < ปิดหน้าต่าง
LEADER : 00000nam 2200000uu 4500
001    13399111441
003     ULIB
008    110627s||||||||th 000 0 tha d
020    9786165010078
090    นว.^bห481ห 2554
100 0  หัสบรรณ
245 00 หนึ่งจันทร์พันราตรี/^cหัสบรรณ
250    พิมพ์ครั้งที่ 1
260    นนทบุรี :^bPrincess,^c2554
300    376 หน้า
945    ^p240^l0^i030180
995    ทศพร
999 ^a ใช้งานได้ทุกระบบ
รายการนี้ยังไม่มีแท็ก
คุณยังไม่ได้ล็อกอิน คุณสามารถมีกิจกรรมร่วมกับเว็บไซต์ได้ แต่ต้องล็อกอินก่อน ::
  ล็อกอิน

รายการสื่อสารสนเทศ

ลำดับที่ ประเภท เลขเรียก/บาร์โค้ด สถานที่ สถานะ
- ไม่พบข้อมูล -

รายการใกล้เคียง
    ผู้แต่ง [หัสบรรณ]

BibComment


ยังไม่เคยถูกคอมเมนท์

คอมเมนท์ทรัพยากรรายการนี้
  คอมเมนท์: หนึ่งจันทร์พันราต..


 Copyright 2026. Bcnsprnw @Library